[Event "Rheinhausen op"]
[Site "Duisburg"]
[Date "2005.02.25"]
[Round "5"]
[White "Blenkers, Christian"]
[Black "Gerken, Mark"]
[Result "1-0"]
[WhiteElo "1743"]
[BlackElo "1330"]
[PlyCount "87"]
[EventDate "2005.01.07"]
[EventType "swiss"]
[EventRounds "7"]
[EventCountry "GER"]
[SourceTitle "EXT 2006"]
[Source "ChessBase"]
[SourceDate "2005.11.24"]
[SourceVersion "1"]
[SourceVersionDate "2005.11.24"]
[SourceQuality "1"]

1. c4 Nf6 2. Nc3 e6 3. g3 c6 4. Bg2 d5 5. cxd5 exd5 6. d4 Bb4 7. Bg5 Bf5 8. Bxf6 Qxf6 9. a3 Bxc3+ 10. bxc3 Nd7 11. Nf3 0-0 12. Nh4 Rfe8 13. Nxf5 Qxf5 14. Qb1 Qxb1+ 15. Rxb1 Rab8 16. e3 Nf6 17. 0-0 Ne4 18. Rfc1 Nd2 19. Rb2 Nc4 20. Ra2 f5 21. a4 b6 22. Bf1 Kf7 23. Rb1 Rec8 24. Bxc4 dxc4 25. Rb4 a5 26. Rb1 Rc7 27. f3 Re7 28. Kf2 Kf6 29. Rab2 Reb7 30. e4 b5 31. Ke3 b4 32. cxb4 Rxb4 33. Rxb4 axb4 34. a5 b3 35. Kd2 Ra8 36. Kc3 Rxa5 37. Kxc4 fxe4 38. fxe4 Ke6 39. Rxb3 Ra7 40. Kc5 Rc7 41. Rf3 g6 42. e5 Ke7 43. Rf6 Kd7 44. Rf7+ 1-0